[Event "TV Tegernsee 1-SC Groebenzell 2"]
[Site "?"]
[Date "2025.01.12"]
[Round "5.2"]
[White "Shen, Tingrui"]
[Black "Scheckenbach, Franz"]
[Result "1-0"]
[WhiteElo "2123"]
[BlackElo "2029"]
[Annotator "Stockfish 17"]
[PlyCount "127"]
[EventDate "2025.??.??"]
[WhiteTeam "TV Tegernsee 1"]
[BlackTeam "SC Gröbenzell 2"]

{[%evp 14,127,41,-40,62,-52,-45,-55,-52,-46,18,-8,4,-66,-64,-112,-94,-152,-159,
-150,-146,-147,-100,-96,-27,-92,-67,-89,-52,-136,-101,-101,-97,-103,-95,-83,
-60,-81,-81,-149,-49,-48,-50,-48,-49,-47,-47,-44,-45,-44,-32,-44,-45,-45,-45,
-43,-44,-43,-43,-40,-28,-41,-41,-43,-47,-51,-53,-54,-43,-43,-16,-28,-18,-77,
-78,-73,-54,-95,-70,-71,-66,-81,-68,-79,-59,-85,-65,-85,-15,-85,-34,-116,0,0,
402,419,388,362,337,0,39,0,0,0,21,23,20,31,550,516,460,241,551,536,620,612]} 1.
Nf3 Nf6 2. g3 g6 3. Bg2 Bg7 4. O-O O-O 5. d4 d6 6. c4 c5 7. Nc3 Nc6 8. h3 (8.
d5 $142 $14 Nb8 9. Bd2) 8... a6 $6 (8... cxd4 $15 9. Nxd4 Nxd4 10. Qxd4 Be6) 9.
Re1 $6 (9. dxc5 $14 dxc5 10. Be3) 9... cxd4 10. Nxd4 Nxd4 $15 11. Qxd4 Rb8 (
11... Be6 $15) 12. Qd3 Be6 13. Bd2 (13. c5 $11) 13... Qc8 $15 14. Kh2 Bxc4 15.
Qc2 b5 $17 16. b3 Be6 {...b4 ist eine echte Drohung.} 17. Rac1 Qd7 18. Qd3 d5
$6 $11 (18... Rfc8 $17 19. e4 Qd8) 19. Bg5 (19. e4 $11) 19... Rfd8 20. Red1 Qa7
$36 {[%mdl 2048] Schwarz steht aktiver.} 21. e3 (21. e4 $15) 21... h6 22. Bxf6
Bxf6 23. Ne2 Bf5 24. Qd2 Bc8 25. Qa5 e6 26. Nf4 $6 (26. Nd4 $142 Qb6 27. Qxb6
Rxb6 28. Rd2) 26... Qb6 (26... Bd7 $142 $17 27. Rc7 Qb6 28. Qxb6 Rxb6) 27. Qxb6
Rxb6 28. Bxd5 $1 Rbd6 {[%mdl 64] Fesselung} ({Und nicht} 28... exd5 29. Nxd5
Rxd5 30. Rxc8+ Rd8 31. Rdxd8+ (31. Rcxd8+ Bxd8 32. Rxd8+ Kg7 $16) 31... Bxd8
32. Rxd8+ Kg7 33. Kg2 $16) 29. Bf3 Rxd1 30. Rxd1 Rxd1 31. Bxd1 {[%mdl 4096]
Endspiel KLL-KLS} Bb7 32. Bc2 Kf8 33. Nd3 Ke7 34. Nc5 Bc8 35. Kg2 Be5 36. Nd3
Bb7+ 37. f3 Bd6 38. Kf2 e5 39. e4 a5 40. Ke3 Bc8 41. h4 Bc7 42. Ke2 Kd6 43. Kd2
Bb6 44. Bd1 Bd4 45. f4 f6 46. fxe5+ fxe5 47. Bf3 Be6 48. Be2 Bh3 49. Bf3 Bf1
50. g4 Ke6 $6 ({Lieber} 50... b4 $17) 51. Bh1 $6 (51. a3 $11) 51... Kd6 52. Bf3
(52. a3 $15) 52... Bh3 ({Günstiger ist} 52... b4 $17 53. Bh1 Bb6) 53. Ke2 Ke6
$2 {[%mdl 8192]} (53... b4 $11 {und Schwarz steht sicher.}) 54. Nf2 $18 Bxf2
55. Kxf2 {KL-KL} h5 {[#]} 56. gxh5 $2 ({Weiss braucht} 56. Be2 $1 $18 hxg4 57.
Kg3 a4 58. Bxg4+ Bxg4 59. Kxg4 $18) 56... gxh5 57. Bxh5 $11 {Und weiter mit
Le2 wäre nett.} (57. Be2 $5 {[%cal Rf2g3]} Ke7 58. Bxb5 $16 (58. Bxh5 b4 $14))
57... Kf6 58. Ke3 Be6 59. Kd3 b4 60. Be8 Bg8 $2 {[%mdl 8192]} (60... Ke7 $14
61. Bb5 Bg4) 61. Bc6 Be6 62. Bd5 {Droht stark Lxe6.} Bc8 {[#]} (62... Bd7 63.
Kc4 Be8) 63. Kc4 $1 Ba6+ 64. Kc5 1-0

[Event "TV Tegernsee 1-SC Groebenzell 2"]
[Site "?"]
[Date "2025.01.12"]
[Round "5.3"]
[White "Shahin, Walid"]
[Black "Thiel, Fabian"]
[Result "1/2-1/2"]
[WhiteElo "2055"]
[BlackElo "2154"]
[Annotator "Stockfish 17"]
[PlyCount "76"]
[EventDate "2025.??.??"]
[WhiteTeam "SC Gröbenzell 2"]
[BlackTeam "TV Tegernsee 1"]

{[%evp 9,76,30,35,33,33,35,36,18,19,18,47,52,50,51,51,51,55,55,53,58,62,57,58,
18,24,15,21,2,8,-31,-27,-31,-25,-37,-12,-20,28,33,36,-10,-22,-40,-30,-56,-11,
-17,45,-24,-22,-25,12,-10,-1,-15,-18,-17,-15,-24,-16,-24,-22,-22,-21,-21,-18,
-24,-22,-22,-25]} 1. d4 d5 2. c4 e6 3. Nf3 a6 {etwas selten} (3... Nf6 4. Nc3
Be7 5. Bg5 O-O 6. e3 {ist sehr bekannt}) 4. cxd5 exd5 5. Nc3 h6 6. Bf4 Nf6 7.
e3 Bd6 8. Ne5 O-O 9. Bd3 Qe7 10. Bg3 c5 11. O-O Nc6 12. Nxc6 bxc6 13. Bxd6 Qxd6
14. dxc5 Qxc5 15. Rc1 Qd6 16. Be2 Rb8 17. b3 Rb4 18. Bf3 Re8 19. Na4 Ng4 {
[%csl Gg4][%cal Rd6h2] [#]} 20. g3 Ne5 21. Bg2 Qg6 22. Nc5 Bg4 23. f3 Bc8 24.
a3 Rb5 25. Qd4 a5 26. Rc3 Qd6 27. e4 Qf6 28. Kh1 (28. Rd1 $14) 28... Nd7 $11
29. Qxf6 Nxf6 (29... gxf6 {mit weiteren Verwicklungen.} 30. Rfc1 d4 31. Nxd7
Bxd7 32. Rd3 Be6) 30. a4 Rb8 31. Rd1 dxe4 32. fxe4 Ng4 {[#] Weiss muss nun ...
Sf2+ beachten.} 33. Rd6 Ne5 34. Bf1 Kf8 35. Be2 Ke7 36. Rd4 Rb6 37. Nd3 Nxd3
38. Bxd3 Be6 1/2-1/2

[Event "TV Tegernsee 1-SC Groebenzell 2"]
[Site "?"]
[Date "2025.01.12"]
[Round "5.4"]
[White "Poelt, Christoph"]
[Black "Stocker, Rupert"]
[Result "1-0"]
[WhiteElo "2127"]
[BlackElo "1982"]
[Annotator "Stockfish 17"]
[PlyCount "97"]
[EventDate "2025.??.??"]
[WhiteTeam "TV Tegernsee 1"]
[BlackTeam "SC Gröbenzell 2"]

{[%evp 17,97,19,21,-179,7,-142,1,2,4,2,6,2,5,6,5,6,32,23,24,22,26,26,25,24,27,
31,36,32,44,43,72,78,135,139,196,158,169,169,223,213,208,202,216,214,259,264,
272,272,288,270,271,269,279,264,262,226,204,222,271,134,150,15,22,0,0,2,323,
319,320,316,324,307,322,323,350,339,464,421,526,522,500,503]} 1. d4 d5 2. c4 e6
3. Nf3 c5 4. cxd5 exd5 5. g3 Nc6 6. Bg2 Nf6 7. O-O Be7 8. Nc3 O-O 9. b3 (9. Bg5
cxd4 10. Nxd4 h6 11. Be3 Re8 {ist sehr bekannt}) 9... Ne4 10. Na4 $2 (10. Bb2
$11 {und Weiss ist OK.} Bf6 11. Na4 cxd4 12. Nxd4 Bd7 13. Rc1 {Serper,
G-Nenashev,A Tashkent 1992}) 10... Bf6 $2 (10... cxd4 $1 $19 11. h4 (11. Nxd4
Nxd4 12. Qxd4 Bf6 $19) (11. Bb2 b5 12. Rc1 Qd6 13. Rxc6 Qxc6 14. Nxd4 Qa6 15.
Nc3 Nxc3 16. Bxc3 b4 $19) 11... Bf6) 11. Be3 $6 {[#]} (11. Bb2 $1 $11) 11...
Bg4 ({Günstiger ist} 11... b6 $1 $17 12. Rc1 Re8) 12. Rc1 $11 {da blieb 1
Fehler ungenutzt} cxd4 13. Nxd4 Nxd4 14. Bxd4 Bxd4 15. Qxd4 {Und f3 würde nun
gewinnen.} Bxe2 16. Rfe1 Bh5 17. Nc5 b6 18. Nxe4 dxe4 19. Qxe4 {Droht stark g4.
} Rc8 20. Qb7 $36 {[%mdl 2048] Weiss kämpft um Vorteil.} Rxc1 21. Rxc1 h6 $6
22. Qxa7 Qd2 23. Qc7 Re8 24. Bf1 Bg6 $2 25. a4 $16 Re6 {Mit der Idee ...Tf6.}
26. Qc8+ Kh7 {Schwarz will ...Tf6 spielen.} 27. Qc3 Qd6 28. Re1 $18 Rf6 29. Bc4
Qc5 30. Qe3 Qb4 31. Rd1 Qa3 32. h4 Bh5 33. Qe4+ Bg6 34. Qe2 h5 35. Qe3 Qb2 36.
Bd3 Bxd3 37. Rxd3 $18 {[%mdl 4096] Endspiel KDT-KDT} ({Auf keinen Fall} 37.
Qxd3+ $6 g6 $16) 37... Rf5 38. Rd2 $6 (38. Kg2 $18 {bietet bessere
Gewinnchancen.}) 38... Qf6 39. Rd4 $2 $11 (39. Qe2 $16) 39... Rf3 $1 $11 {
[%cal Rf3e3]} 40. Qe4+ (40. Qd2 {sieht schärfer aus.} Rxb3 41. Qc2+ Kh6 42.
Qxb3 Qxd4 43. Qxf7 Qxa4 44. Qe6+) 40... g6 41. Rd6 {[%mdl 64] [#] Ablenkung}
Qxd6 $2 {[%mdl 8192]} (41... Rxg3+ $1 $11 {und Schwarz steht sicher.} 42. fxg3
Qxd6) 42. Qxf3 {KD-KD} Kg8 43. Kg2 Qb4 44. Qd3 Kg7 45. Qc4 Qd2 46. b4 Qe1 47.
Qd4+ {[%mdl 64] Doppelangriff. Weiß steht klar auf Gewinn.} Kg8 48. Qd8+ Kh7
49. Qxb6 1-0

[Event "TV Tegernsee 1-SC Groebenzell 2"]
[Site "?"]
[Date "2025.01.12"]
[Round "5.5"]
[White "Feierlein, Robert"]
[Black "Walter, Thomas"]
[Result "0-1"]
[WhiteElo "1977"]
[BlackElo "2128"]
[Annotator "Stockfish 17"]
[PlyCount "68"]
[EventDate "2025.??.??"]
[WhiteTeam "SC Gröbenzell 2"]
[BlackTeam "TV Tegernsee 1"]

{[%evp 18,68,9,1,3,-2,3,7,12,-11,-18,-49,-2,-25,62,60,57,53,53,48,109,61,69,68,
74,69,74,50,355,360,354,155,140,140,147,92,196,226,202,196,194,0,0,0,160,0,0,
-480,-482,-477,0,0,-1]} 1. Nf3 Nf6 2. c4 d5 3. cxd5 Nxd5 4. g3 (4. d4 Bf5 5.
Nbd2 Nf6 6. Qb3 Qc8 7. g3 e6 $16 {Kozma,J 2380 - Sturc,J SVK-ch Hlohove, 1975})
4... Nc6 5. Bg2 e5 6. d3 Be7 7. O-O Be6 8. Nc3 Nb6 9. Bd2 O-O 10. Rc1 f5 11. a3
h6 12. b4 a6 13. Qc2 Qe8 14. Rfd1 Qh5 15. Be3 Nd7 16. d4 $14 f4 17. gxf4 exf4 {
[#]} 18. Qe4 {[%cal Re4e6]} Bh3 $6 (18... Bb3 $142 $14 19. d5 Nce5 20. Bxf4
Bxd1 21. Nxe5 Bd6) 19. Bxh3 Qxh3 20. Bxf4 {Droht d5 und aus.} Nf6 {[%cal Rf6e4]
} 21. Qg6 Nh5 22. Bxc7 Rxf3 $4 {[%mdl 8192]} (22... Rac8 $1 $14) 23. exf3 $18
Bg5 24. f4 (24. Rc2 $18 Kh8 25. d5 Nf4 26. Bxf4 {und Weiß gewinnt}) 24... Qg4+
$16 25. Kf1 Qh3+ 26. Kg1 Nxf4 (26... Qg4+ $16 {war nötig.} 27. Kf1 Qh3+ 28.
Ke1 Bxf4) 27. Qe4 $18 Rf8 28. d5 $1 {[%cal Rd5c6]} Qh5 {zielt auf ...Sh3+ ab.}
29. dxc6 $2 (29. Bxf4 $18 Bxf4 30. dxc6 Qxh2+ 31. Kf1 Bxc1 32. Qg2 {gewinnt})
29... Nh3+ $11 30. Kg2 $1 Nxf2 $2 {[#]} (30... Rxf2+ $11 31. Kh1 Rxh2+ 32. Kxh2
Nf2+ {[%mdl 64] Doppelangriff} 33. Kg3 Nxe4+ 34. Nxe4 Qh4+ 35. Kf3 Qh5+ 36. Kf2
Bxc1 37. Rd8+ Kh7 38. cxb7 Qf5+ 39. Kg3 Qg6+ 40. Kh2 Qh5+ {Schwarz muß
Dauerschach geben} 41. Kg3 Qg6+ 42. Kh3 Qh5+ 43. Kg2 (43. Kg3 Qg6+ $11) 43...
Qg6+ 44. Kh3 Qh5+ 45. Kg3 Qg6+) 31. Qd5+ $2 (31. Qe2 $1 $16 {[%cal Re2h5]} Qh3+
32. Kg1 Nxd1 33. Nxd1 (33. Qc4+ $2 Kh8 $19) 33... Bxc1 34. cxb7) 31... Kh7 32.
Bg3 $2 {[%mdl 8192] sieht logisch aus, ist aber schlecht} (32. cxb7 {wird
mattgesetzt.} Qh3+ 33. Kg1 Be3 34. Qg8+ Rxg8 35. Rf1 Nd1+ 36. Rf2 Bxf2+ 37. Kh1
Qf3#) (32. Kg1 $8 $11 {und Weiss ist OK.} Nh3+ 33. Kh1 Nf2+ {[%mdl 64]
Doppelangriff} 34. Kg1 bxc6 35. Qg2 (35. Qxc6 $2 Bxc1 36. Rf1 Qf5 $19) 35...
Bxc1 36. Rxc1 Nh3+ 37. Kh1 Nf2+ 38. Kg1 Nh3+ 39. Kh1 Nf2+ 40. Kg1) 32... bxc6
$19 33. Qxc6 {[#] Schwarz muss nun Tf1 beachten.} Qh3+ $2 (33... Be3 $142 $1
$19 {( -> ...Dh3+)} 34. h4 Qg4) 34. Kg1 $11 Be3 $1 {[%mdl 32768]} (34... Be3
35. Nd5 Nxd1+ 36. Nxe3 Nxe3 37. Qe4+ Nf5 38. Rf1 {mit Remis}) 0-1

[Event "TV Tegernsee 1-SC Groebenzell 2"]
[Site "?"]
[Date "2025.01.12"]
[Round "5.6"]
[White "Lettl, Gerhard"]
[Black "Schrader, Jan-Erik"]
[Result "1/2-1/2"]
[WhiteElo "1941"]
[BlackElo "2021"]
[Annotator "Stockfish 17"]
[PlyCount "97"]
[EventDate "2025.??.??"]
[WhiteTeam "TV Tegernsee 1"]
[BlackTeam "SC Gröbenzell 2"]

{[%evp 14,97,50,56,61,45,66,69,93,86,87,62,104,92,89,22,27,21,40,46,45,12,49,
18,41,44,51,29,38,10,12,7,8,9,10,1,0,-13,-1,-3,17,5,77,73,173,91,78,71,120,108,
211,162,259,225,256,264,252,197,218,170,211,199,222,190,208,15,14,15,18,12,11,
9,11,11,22,22,27,0,0,0,0,0,0,0,0,0]} 1. e4 e6 2. d4 d5 3. e5 c5 4. c3 Nc6 5.
Nf3 Bd7 6. a3 f6 7. b4 (7. Bd3 fxe5 8. Nxe5 Nxe5 9. dxe5 Ne7 10. O-O Qc7 11.
Qe2 O-O-O 12. Bg5 h6 13. Bxe7 Bxe7 $17 {Kirstensen,B-Djurhuus,R Gausdal 1993})
7... cxd4 8. cxd4 Nh6 9. Bd3 Nf7 {[%cal Rf6e5]} 10. Bb2 Be7 11. O-O O-O 12. Qe2
Rc8 13. Nbd2 f5 14. Bxf5 (14. Nb3 $142) 14... exf5 $11 15. e6 {[%mdl 64] [#]
Doppelangriff} Be8 16. exf7+ Bxf7 17. Ne5 Bf6 18. f4 Re8 19. Qd3 Ne7 20. Rac1
Be6 21. h3 Rxc1 22. Rxc1 Nc8 23. a4 Nd6 $11 24. b5 Ne4 25. Ndf3 Qa5 26. Qb3 Qd8
27. Ba3 g5 (27... Bxe5 $11 28. fxe5 f4) 28. fxg5 Nxg5 $2 (28... Bxe5 $16 29.
Nxe5 (29. dxe5 Qb6+ 30. Kh2 Qf2 $14) 29... Qxg5) 29. Re1 (29. Nxg5 $18 Bxg5 30.
Re1 $16) 29... Ne4 $16 30. Bc1 Qe7 31. Bf4 $16 Rd8 $6 (31... Rc8 $16) 32. Rc1
Qg7 (32... Rc8 $142) 33. b6 $18 (33. a5 $18) 33... axb6 34. Qxb6 Rd6 35. Qb3
Ra6 36. Qb5 Qe7 37. Kh2 Ra8 38. Nd3 Qd7 39. Rc7 $2 (39. Qb6 $18) 39... Qxb5 $11
40. axb5 {[#] Le5 ist eine echte Drohung.} Bd8 $1 {[%cal Rd8c7]} 41. Rxb7 (41.
Rc1 {hält die Spannung aufrecht.} Bd7 42. Nb4 Nf6 43. Bg5 Bxb5 44. Bxf6 Bxf6
45. Nxd5 Bd8 46. Kg3) 41... Bc8 42. Rb8 Rxb8 43. Bxb8 Nc3 44. Nb4 {Und Sc6
würde nun gewinnen.} Nxb5 45. Nxd5 Bb7 46. Ne3 Bxf3 47. gxf3 Nxd4 48. Kg2 Kf7
49. Be5 1/2-1/2

[Event "TV Tegernsee 1-SC Groebenzell 2"]
[Site "?"]
[Date "2025.01.12"]
[Round "5.7"]
[White "Seifert, Werner"]
[Black "Dietlmeier, Tobias"]
[Result "1-0"]
[WhiteElo "1894"]
[BlackElo "1954"]
[Annotator "Stockfish 17"]
[PlyCount "101"]
[EventDate "2025.??.??"]
[WhiteTeam "SC Gröbenzell 2"]
[BlackTeam "TV Tegernsee 1"]

{[%evp 12,101,22,-38,60,56,54,56,78,3,2,0,0,0,0,0,0,0,13,15,12,-24,-16,-19,-11,
-23,0,-4,0,0,0,-33,-33,-25,-33,-50,9,9,24,14,30,18,343,46,42,41,49,33,83,99,
121,117,123,80,130,51,118,96,113,124,364,301,333,304,327,320,301,299,260,216,
632,618,619,608,655,675,616,573,683,643,751,707,750,696,29983,29985,29990,
29989,29990,29989,29991,29990]} 1. e4 e5 2. Nf3 Nc6 3. d4 exd4 4. Nxd4 Bc5 5.
Be3 Qf6 6. c3 Nge7 7. g3 (7. Bc4 {ist interessant.} Ne5 8. Be2 Qg6 9. O-O d6
10. f3 O-O 11. Nd2 d5 12. Kh1 {Baklan,V-Smejkal,J BL Passau-Zaehringen 1997})
7... Nxd4 (7... h5 $15) 8. cxd4 $14 Bb4+ 9. Nc3 Qc6 10. Qd3 f5 $11 11. Bg2 fxe4
12. Bxe4 d5 13. Bg2 Bf5 14. Qd2 Qd7 15. O-O c6 $11 16. Rfe1 O-O 17. a3 Bd6 18.
Ne2 Ng6 19. Nf4 Bxf4 20. Bxf4 Bh3 21. Be5 Bxg2 22. Kxg2 Qg4 $15 23. f4 Rae8 (
23... Nh4+ {mit weiteren Verwicklungen.} 24. Kh1 Qf3+ 25. Kg1 Qxg3+ 26. hxg3
Nf3+) 24. Kh1 Re6 25. Re3 Ne7 26. Qe2 $36 {[%mdl 2048] [#]} Qh3 $4 {[%mdl 8192]
} (26... Qxe2 $11 27. Rxe2 Nf5) 27. Qg2 $2 (27. g4 $142 $1 $18 Qh6 28. f5 Nxf5
29. gxf5 Rxf5 30. Rg3) 27... Qxg2+ $14 28. Kxg2 Nf5 29. Rb3 b6 30. Rc1 h5 $6
31. Rbc3 Rc8 32. Kf3 (32. b4 $1) 32... Kf7 33. h3 (33. b4 $16) 33... Rh6 $2 ({
Besser ist} 33... Rg6 $1 $14) 34. b4 Ke7 35. b5 {[%cal Rc3c6]} Kd7 $2 (35...
Rg6 $16) 36. bxc6+ Rhxc6 37. Rxc6 Rxc6 38. Rxc6 Kxc6 $18 {[%mdl 4096] Endspiel
KL-KS} 39. g4 {mit Gewinn} hxg4+ 40. hxg4 Nh4+ (40... Nd6 41. Bxg7 a5) 41. Kg3
Ng6 42. Bxg7 Kd7 43. f5 Ne7 44. Kf4 Ke8 45. g5 b5 {beabsichtigt ...a5.} 46. g6
a5 47. Kg5 {[#] f6 ist eine echte Drohung.} Nxf5 48. Kxf5 {Weiß setzt Matt.}
b4 49. axb4 axb4 50. Bh6 b3 51. Bc1 1-0

[Event "TV Tegernsee 1-SC Groebenzell 2"]
[Site "?"]
[Date "2025.01.12"]
[Round "5.8"]
[White "Kaiser, Guenter"]
[Black "Kaftan, Thorsten"]
[Result "1-0"]
[WhiteElo "2005"]
[BlackElo "1859"]
[Annotator "Stockfish 17"]
[PlyCount "55"]
[EventDate "2025.??.??"]
[WhiteTeam "TV Tegernsee 1"]
[BlackTeam "SC Gröbenzell 2"]

{[%evp 9,55,19,69,69,77,69,101,64,146,137,176,164,175,118,134,119,121,123,140,
130,124,73,77,22,166,69,232,253,335,338,385,-380,720,-460,766,203,761,0,587,
130,105,104,886,-450,899,222,343,95]} 1. b3 e5 2. Bb2 Nc6 3. Nf3 d6 4. e4 Nf6
5. Nc3 Bg4 6. Bb5 Be7 7. d4 Bxf3 8. gxf3 (8. Qxf3 O-O (8... exd4 $2 9. Ne2 {
+1.60}) 9. Bxc6 bxc6 10. dxe5 $16) 8... exd4 $2 (8... O-O $14) 9. Qxd4 $16 {
+1.90} Qd7 10. Bxc6 Qxc6 11. O-O-O (11. Rg1 $1 {+1.70}) 11... Qb6 12. Qc4 c6
13. Rhg1 $36 {[%mdl 2048]} Rg8 {[#]} 14. e5 $1 {[%cal Re5d6]} dxe5 15. Ne4 Nd5
16. Bxe5 {Und Sd6+ würde nun gewinnen.} (16. Nc3 $5 Nf6 17. Rge1 $16) 16...
Kf8 $2 (16... O-O-O $11) 17. Nc3 (17. Ng5 $142 $18) 17... Nxc3 $2 {[#]} (17...
Ne3 $14 18. fxe3 Qxe3+ 19. Kb2 Qxe5) 18. Qxc3 $18 {[%cal Re5g7]} f6 19. Bd6 Rd8
20. Qd3 {[%mdl 8192] nun folgt geradezu eine Fehlerorgie} (20. Bxe7+ Kxe7 21.
Rge1+ Kf7 22. Qc4+ {gewinnt leicht}) 20... g6 $4 {[%mdl 8192]} (20... Rxd6 $19
21. Qe2 g6) 21. Rge1 $4 {[%mdl 8192]} Rg7 $4 {[%mdl 8192]} (21... Rxd6 $1 $19
22. Qe3 Qxe3+ 23. fxe3 Kf7 24. Rxd6 Bxd6 {dreht den Spieß um}) 22. Re6 $2 (22.
Bxe7+ Rxe7 23. Qxd8+ Qxd8 24. Rxd8+ Kf7 25. Rxe7+ Kxe7 26. Rh8) 22... Rf7 $2 (
22... Rd7 23. Rxf6+ Rf7 24. Bxe7+ Rdxe7) 23. Rde1 $2 (23. Bxe7+ $18 Rxe7 24.
Qxd8+ Qxd8 25. Rxd8+ Kf7 26. Rxe7+ Kxe7 27. Rh8) 23... Qa5 $2 {[%mdl 8192]} (
23... Bxd6 24. Rxd6 Rxd6 25. Qxd6+ Kg7 $11) 24. b4 $2 (24. Rxe7 $18 {und der
Rest ist Schweigen.} Kg8 25. Kb2) 24... Qg5+ $16 25. f4 Qh6 $2 {[%mdl 8192]} (
25... Rxd6 $16 26. fxg5 Rxd3 27. cxd3 Bxb4 28. Re8+ Kg7 $16 {war noch eine
kleine Chance}) 26. Qe3 $4 {[%mdl 8192]} (26. Rxe7 {gewann leicht}) 26... Qg7
$4 {[%mdl 8192]} 27. Qxa7 $2 (27. Bxe7+ Kg8 28. Bxd8) 27... f5 (27... Bxd6 $142
28. Rxd6 Rfd7 29. Rxd7 Qxd7 30. Qc5+ Kf7) 28. Kb1 $2 $16 {wer zählt die
Fehler?} 1-0

[Event "SK Landau-Dingolfing 1-SK Freising 1"]
[Site "?"]
[Date "2025.01.12"]
[Round "5.1"]
[White "Trapp, Maximilian"]
[Black "Albrecht, Manuel"]
[Result "0-1"]
[WhiteElo "2168"]
[BlackElo "1923"]
[Annotator "Stockfish 17"]
[PlyCount "90"]
[EventDate "2025.??.??"]
[WhiteTeam "SK Freising 1"]
[BlackTeam "SK Landau-Dingolfing 1"]

{[%evp 16,90,20,21,30,10,18,13,20,4,6,2,82,85,94,92,100,104,110,61,84,80,104,
50,135,136,143,118,132,125,129,135,126,139,235,235,300,225,219,85,96,92,84,86,
83,84,104,81,76,46,128,139,119,-39,-41,-44,-28,-112,-119,-187,-180,-170,-185,
-179,-197,-256,-248,-176,0,-10,0,-1,0,-848,-825,-873,-872]} 1. d4 Nf6 2. Nf3 g6
3. Bf4 Bg7 4. c3 O-O 5. h3 d6 6. e3 c5 7. Be2 b6 8. Nbd2 Bb7 9. O-O Re8 10. Qc2
Nbd7 11. Bh2 Rc8 12. Rad1 cxd4 13. exd4 d5 $6 (13... Rb8 $11 {bleibt in der
Remisbreite.}) 14. Bd3 $1 $16 a6 15. a4 Nb8 16. Ne5 Nc6 17. Qb1 (17. Ndf3 $142
$16) 17... e6 18. Rfe1 Nd7 19. f4 (19. Nxc6 Rxc6 20. Nf3 $16) 19... Ndxe5 $2 (
19... f5 $14) 20. fxe5 $16 {+1.30} Ne7 21. Nf3 Qd7 22. Qc2 Bc6 23. Ra1 b5 {
[%cal Rb5a4]} 24. a5 Qb7 $2 (24... b4 $16) 25. b4 $1 $18 Rc7 26. Bf4 Rec8 27.
Qf2 (27. Qd2 $1 Be8 28. Rac1 $18) 27... Be8 $16 28. Bd2 Rxc3 29. Bxc3 Rxc3 30.
Qd2 Rc4 31. Rab1 Bf8 32. Rf1 Qa7 (32... Nf5 $14) 33. Bxc4 dxc4 34. Kh1 $2 ({
viel besser ist} 34. Nh2 $16) 34... Nf5 $44 {[%mdl 1024]} 35. Qf2 {Droht g4
und aus.} Bc6 36. Kh2 $6 (36. Nh4 $11) 36... Bh6 $17 37. Nh4 $6 (37. g3 $17)
37... Be3 $19 38. Qe1 Qxd4 39. Nxf5 exf5 40. Qg3 f4 41. Qg4 {[#] Und Dc8+
würde nun gewinnen.} Be4 $2 ({Lieber} 41... Bd5 $1 $19 42. Rbe1 (42. Qc8+ $2
Kg7 $19) 42... Qxe5 43. Rxe3 (43. Qc8+ $2 Kg7 $19) 43... fxe3+ 44. Qg3 {[#]} e2
$1 {[%mdl 512]}) 42. e6 $1 $11 {[%cal Re6e7] Droht stark e7!} f5 ({Nicht} 42...
Bxb1 $2 43. e7 $18) 43. Qh4 Qd2 {[%csl Ge4][%cal Rd2g2]} ({Aber nicht} 43...
Bxb1 $2 44. Qe7 $18) 44. Rg1 $4 {[%mdl 8192]} (44. Rb2 Qxb2 45. Qd8+ Kg7 46.
Qe7+ Kh6 (46... Kh8 $4 47. Qf8#) 47. Qh4+ Kg7 48. Qe7+ $11 {war ein klarer Weg
zum Remis}) 44... f3 $19 {( -> ...Lf4+)} 45. Rbd1 Bf4+ 0-1

[Event "SK Landau-Dingolfing 1-SK Freising 1"]
[Site "?"]
[Date "2025.01.12"]
[Round "5.2"]
[White "Popp, Michael"]
[Black "Brand, Leonhard"]
[Result "0-1"]
[WhiteElo "1973"]
[BlackElo "2079"]
[Annotator "Stockfish 17"]
[PlyCount "100"]
[EventDate "2025.??.??"]
[WhiteTeam "SK Landau-Dingolfing 1"]
[BlackTeam "SK Freising 1"]

{[%evp 9,100,-24,-15,-14,-12,-29,-11,-76,-59,-80,-80,-92,-94,-94,-70,-120,-76,
-77,-58,-81,-60,-98,-61,-93,-68,-101,-37,-97,-42,-53,-51,-66,-59,-62,-64,-84,
-21,-22,-20,-30,29,-26,51,-11,25,0,128,10,10,13,128,14,17,0,6,9,13,12,10,-16,
-19,-17,17,-28,42,38,174,178,201,98,159,49,54,17,18,20,29,18,12,0,0,0,0,-3,0,
-26,491,-316,-312,-487,-470,-629,-614]} 1. c4 c6 2. g3 d5 3. Bg2 e5 4. cxd5
cxd5 5. d4 e4 6. Nc3 Bb4 7. Bd2 Nc6 8. e3 $6 Nf6 9. Qb3 Bxc3 10. Bxc3 O-O $17
11. Ne2 b6 12. O-O Ba6 (12... Bg4 $142 $17) 13. Rfe1 Qd6 14. Bd2 Rfc8 15. Bf1
g5 16. Rec1 Bc4 17. Qd1 Kg7 18. Kg2 (18. Rxc4 dxc4 19. Bg2 $15 {kam in Frage})
18... Ng4 19. h3 Nf6 20. Ng1 Bxf1+ 21. Qxf1 h5 22. Qb5 Nd7 $11 23. Rc3 $11 a6
24. Qe2 Kg6 25. Rac1 b5 $6 (25... Nf6 $11) 26. Be1 Nb6 27. b3 f5 $2 (27... Qe6
$11 {hält das Gleichgewicht.}) 28. Rc5 (28. h4 $1 $16) 28... Nd7 29. R5c3 Nb6
$2 {[#]} (29... Ne7 $11 {bleibt in der Remisbreite.}) 30. Rc5 ({Günstiger ist
} 30. h4 $1 $16) 30... Nd7 31. R5c3 Ne7 32. Rxc8 Rxc8 33. Rxc8 Nxc8 $11 34. Qc2
Ne7 35. Ne2 Kh6 36. Bd2 Qb6 37. Bb4 $14 Nc6 $2 (37... Ng6 $1 $14) 38. Bc5 $1
$18 Qb7 39. b4 (39. h4 $18 {bietet bessere Gewinnchancen.}) 39... Kg6 ({Lieber
} 39... Nd8) 40. Qb3 (40. h4 $16) 40... Nf6 $14 41. h4 f4 42. exf4 gxh4 43. f5+
Kxf5 {und nun wäre ...Dg7 stark für Schwarz.} 44. Qe3 hxg3 45. fxg3 Qc7 46.
Qh6 $132 {[%mdl 2048]} Nd8 47. Nf4 {[%csl Gf4][%cal Rh6g6]} Qf7 $4 {[%mdl 8192]
[#]} (47... Qh7 $11 {und Schwarz steht sicher.} 48. Qxh7+ Nxh7) 48. Qh8 $4 {
[%mdl 8192]} (48. Be7 $1 $18 {[%cal Re7d8][%mdl 512] nur so kann Weiss
gewinnen.} Ne6 49. Bxf6 Nxf4+ 50. Qxf4+ Ke6 51. Qe5+ Kd7 52. Qf5+ Qe6 53. Qh7+
Ke8 54. Qxh5+ Kd7 55. Qh8) 48... Ne6 $19 49. Qc8 (49. Ne2 $142) 49... Qe8 50.
Qxe8 {[%csl Gf4][%cal Re8g6]} Nxf4+ ({Nicht} 50... Nxe8 51. Nxd5 N6c7 52. Ne3+
Ke6 53. g4 $17) 0-1